| 000 | 00632nam a2200229Ia 4500 | ||
|---|---|---|---|
| 005 | 20221103134455.0 | ||
| 008 | 131103s9999 xx 000 0 und d | ||
| 020 | _a340125152 | ||
| 040 | _aLoreto College | ||
| 041 | _aEnglish | ||
| 082 |
_a131.3464 _bJAF |
||
| 100 | _aJaffe, Aniela | ||
| 245 |
_aFrom the life and work of C. G. Jung _cAniela Jaffe; translated by R. F. C. Hull |
||
| 260 |
_aLondon _bHodder _c1971c |
||
| 300 | _aix,137p | ||
| 630 | _aPsychology | ||
| 650 | _aJung, C. G. - Criticism and Interpretation | ||
| 651 | _aParapsychology | ||
| 700 | _aHull, R. F. C., tr. | ||
| 850 | _aLCLIB | ||
| 942 | _cBK | ||
| 999 |
_c18452 _d68931 |
||